[Event "Leer op"]
[Site "Leer"]
[Date "2024.11.02"]
[Round "5"]
[White "Haertel, Leon"]
[Black "Thomas, Jeremy"]
[Result "1-0"]
[WhiteElo "1816"]
[BlackElo "1948"]
[PlyCount "69"]
[EventDate "2024.10.31"]
[EventType "swiss"]
[EventRounds "7"]
[EventCountry "GER"]
[SourceTitle "CB45_2024"]
[Source "ChessBase"]
[SourceDate "2024.11.06"]
[SourceVersion "1"]
[SourceVersionDate "2024.11.06"]
[SourceQuality "1"]

1. d4 Nf6 2. c4 g6 3. Nf3 Bg7 4. g3 0-0 5. Bg2 c6 6. Nc3 d5 7. 0-0 Ne4 8. Qc2 Nxc3 9. bxc3 dxc4 10. Rd1 Na6 11. a4 Qa5 12. Bf4 Nc7 13. e4 Ne6 14. Be3 b6 15. Nd2 Ba6 16. Bf1 Qh5 17. Nxc4 f5 18. exf5 Qxf5 19. Qb3 Qd5 20. Qb4 Rf7 21. a5 b5 22. Nd2 Rc8 23. Bg2 Qh5 24. Ne4 Bb7 25. Qb3 Qf5 26. h3 Kh8 27. Rac1 Qd5 28. c4 Qd7 29. cxb5 cxb5 30. Nc5 Nxc5 31. dxc5 Qc7 32. Qxf7 Bxg2 33. Kxg2 Rf8 34. Qe6 Rf6 35. Qe4 1-0

[Event "Leer op"]
[Site "Leer"]
[Date "2024.11.02"]
[Round "6"]
[White "Hintze, Helge"]
[Black "Haertel, Leon"]
[Result "1-0"]
[WhiteElo "2235"]
[BlackElo "1816"]
[PlyCount "65"]
[EventDate "2024.10.31"]
[EventType "swiss"]
[EventRounds "7"]
[EventCountry "GER"]
[SourceTitle "CB45_2024"]
[Source "ChessBase"]
[SourceDate "2024.11.06"]
[SourceVersion "1"]
[SourceVersionDate "2024.11.06"]
[SourceQuality "1"]

1. c4 c5 2. Nf3 Nf6 3. g3 g6 4. Bg2 Bg7 5. Nc3 Nc6 6. d4 cxd4 7. Nxd4 Nxd4 8. Qxd4 d6 9. 0-0 0-0 10. Qd3 a6 11. Rd1 Qc7 12. Bd2 Be6 13. b3 Nd7 14. e4 Nc5 15. Qe2 Rab8 16. Rac1 Qa5 17. Be1 Qc7 18. h3 Qd7 19. Kh2 b5 20. cxb5 axb5 21. Nd5 Bxd5 22. Rxd5 e6 23. Rdd1 Qe7 24. Bb4 Rfc8 25. Rc2 Bf8 26. e5 Qa7 27. Qe3 Qa6 28. exd6 Nd7 29. Rc7 Rxc7 30. dxc7 Rc8 31. Rxd7 Bxb4 32. Rd8+ Bf8 33. Qc5 1-0

[Event "GER-ch U12"]
[Site "Willingen"]
[Date "2022.06.06"]
[Round "3"]
[White "Goldkuhle, Collin"]
[Black "Haertel, Leon"]
[Result "1-0"]
[WhiteElo "1323"]
[BlackElo "1536"]
[PlyCount "61"]
[EventDate "2022.06.04"]
[EventType "swiss"]
[EventRounds "9"]
[EventCountry "GER"]
[SourceTitle "CBM 208 Extra"]
[Source "ChessBase"]
[SourceDate "2022.07.31"]
[SourceVersion "1"]
[SourceVersionDate "2022.07.31"]
[SourceQuality "1"]

1. e4 c5 2. Nc3 Nc6 3. f4 d6 4. Nf3 Nf6 5. Bb5 Bd7 6. 0-0 a6 7. Bxc6 Bxc6 8. d3 g6 9. Qe1 Bg7 10. h3 h5 11. e5 dxe5 12. fxe5 Nd5 13. Bd2 e6 14. Qf2 Qe7 15. Ne4 0-0-0 16. Qxc5 Qxc5+ 17. Nxc5 Rdf8 18. Ne4 f5 19. exf6 Nxf6 20. Bc3 Rhg8 21. Nfg5 Bxe4 22. dxe4 Kd7 23. Rad1+ Ke7 24. Bb4+ Ke8 25. Bxf8 Kxf8 26. Nxe6+ Ke7 27. Ng5 Nd7 28. Rf7+ Ke8 29. Rdxd7 Bxb2 30. Rfe7+ Kf8 31. Nh7# 1-0